Getting Off Death Row: Commuted Sentences and the Deterrence Effect of Capital Punishment

Gespeichert in:  
Bibliographische Detailangaben
VerfasserInnen: Mocan, H.N. (Verfasst von) ; Gittings, R.K. (Verfasst von)
Medienart: Elektronisch Buch
Sprache:Englisch
Veröffentlicht: [Erscheinungsort nicht ermittelbar] [Verlag nicht ermittelbar] 2003
In:Jahr: 2003
Online-Zugang: Volltext (lizenzpflichtig)
Verfügbarkeit prüfen: HBZ Gateway
Subito Bestelldienst: Jetzt bestellen.

MARC

LEADER 00000cam a22000002c 4500
001 191256792X
003 DE-627
005 20250125055158.0
007 cr uuu---uuuuu
008 241217s2003 xx |||||o 00| ||eng c
035 |a (DE-627)191256792X 
035 |a (DE-599)KXP191256792X 
040 |a DE-627  |b ger  |c DE-627  |e rda 
041 |a eng 
084 |a 2,1  |2 ssgn 
100 1 |a Mocan, H.N.  |e VerfasserIn  |4 aut 
245 1 0 |a Getting Off Death Row: Commuted Sentences and the Deterrence Effect of Capital Punishment 
264 1 |a [Erscheinungsort nicht ermittelbar]  |b [Verlag nicht ermittelbar]  |c 2003 
336 |a Text  |b txt  |2 rdacontent 
337 |a Computermedien  |b c  |2 rdamedia 
338 |a Online-Ressource  |b cr  |2 rdacarrier 
700 1 |a Gittings, R.K.  |e VerfasserIn  |4 aut 
787 0 8 |i Forschungsdaten  |a United States Department of Justice. Office of Justice Programs. Bureau of Justice Statistics  |t National Prisoner Statistics, 1978-2016  |d [Erscheinungsort nicht ermittelbar] : [Verlag nicht ermittelbar], 2018  |w (DE-627)1840041285 
787 0 8 |i Forschungsdaten  |a United States Department of Justice. Office of Justice Programs. Bureau of Justice Statistics  |t Capital Punishment in the United States, 1973-1998  |d [Erscheinungsort nicht ermittelbar] : [Verlag nicht ermittelbar], 2000  |w (DE-627)1840055758 
856 4 0 |u http://citeseerx.ist.psu.edu/viewdoc/download?doi=10.1.1.509.7324&rep=rep1&type=pdf  |q application/pdf  |x Verlag  |z lizenzpflichtig  |3 Volltext  |7 1 
935 |a mkri 
951 |a BO 
ELC |a 1 
LOK |0 000 xxxxxcx a22 zn 4500 
LOK |0 001 4637533422 
LOK |0 003 DE-627 
LOK |0 004 191256792X 
LOK |0 005 20241217044520 
LOK |0 008 241217||||||||||||||||ger||||||| 
LOK |0 035   |a (DE-2619)ICPSR135188 
LOK |0 040   |a DE-2619  |c DE-627  |d DE-2619 
LOK |0 092   |o n 
LOK |0 852   |a DE-2619 
LOK |0 852 1  |9 00 
LOK |0 935   |a nacp 
LOK |0 939   |a 17-12-24  |b l01 
ORI |a SA-MARC-krimdoka001.raw